Statistics for Category Elimination - European Countries #2

Click here to take the quiz!

General Stats

  • This quiz has been taken 1,671 times
  • The average score is 11 of 16

Answer Stats

Group#Category% Correct
Green34Countries that don’t touch the Mediterranean Sea
100%
Green12... whose last letter is “A”
99%
Yellow37Countries with red on their flag
93%
Yellow22... with more than 5 million people
93%
Blue32Countries that are smaller in area than Syria
91%
Blue23... that are guessed less than 87% of the time in Countries of Europe Quiz
89%
Green4... that are entirely south of Munich
87%
Pink32Countries that are at least 7 letters long
84%
Pink12... that contain “T”
81%
Yellow6... that aren’t in NATO
78%
Pink6... with 3 or fewer borders
72%
Blue4... with green on their flag
67%
Green1... and where neither the country nor its capital start with SAndorra
42%
Yellow1... whose capital is at least 7 letters longSerbia
26%
Pink1... that has a point east of NaplesEstonia
26%
Blue1... whose capital is alphabetically before the countryHungary
20%

Score Distribution

Percentile by Number Answered

Percent of People with Each Score

Your Score History

You have not taken this quiz